000 00485nam a2200193Ia 4500
005 20240823022507.0
008 240823s9999||||xx |||||||||||||| ||und||
020 _a0-07-063582-X
041 _aENGLISH
082 _A658.3 P7
100 _a"Bernardin,John H"
245 0 _aHuman Resource Management - An Experimental Approach
250 _a4th
260 _c2007
_bTMH New D
500 _aYES
650 _aHuman Resources
_bManagement Studies
942 _cBK
999 _c179301
_d179301